| 000 | 00654nam a2200217Ii 4500 | ||
|---|---|---|---|
| 003 | JO-AjNU | ||
| 008 | 230605s9999||||xx |||||||||||||| ||und|| | ||
| 017 | _a2005/2/375 | ||
| 040 |
_aJO-AjNU _bara _erda _cJO-AjNU |
||
| 041 | _aara | ||
| 050 | 1 | 4 | _aRA784 2005 |
| 100 | 3 |
_aخويلة ، عماد ابراهيم , _eauthor _935212 |
|
| 245 | 0 | 0 | _aدليل التغذية الصحية |
| 250 | _aط1 | ||
| 264 | 3 | 1 | _aالرمثا,المؤلف ، 2005 |
| 300 | _a105ص | ||
| 336 |
_atext _btxt _2rdacontent |
||
| 337 |
_aunmediated _bn _2rdamedia |
||
| 338 |
_avolume _bnc _2rdacarrier |
||
| 650 | 4 |
_aالتغذية-الجوانب الصحية _935213 |
|
| 999 |
_aA14514 _c18082 _d18082 |
||